000 00945nam a22002417a 4500
003 UA-OsUOA
001 63897
007 ta
008 20091026b un ||||| |||| 00| 0 ukr d
100 _aЗаломов П.
090 _a821.161.1
_bЗ-24
942 _cBK
040 _aUA-OsUOA
_brus
_cUA-OsUOA
_dUA-OsUOA
245 _aЗапрещенные люди
300 _a528 с.
955 _a3
041 _arus
080 _a821.161.1
520 3 _aВ книге впервые собраны вместе автобиографическая повесть, воспоминания, речи и письма, неизвестные ранее стихотворения Петра Заломова (1877 - 1955), прототипа героя повести А.М.Горького "Мать".
260 _aМ.
_bПравда
_c1985
650 7 _a82 Література. Літературознавство
_2UDC
999 _c349994
_d349994